[Event "DEM U10 2022"]
[Site "Willingen GER"]
[Date "2022.06.05"]
[Round "2"]
[White "Hepp, Daniel"]
[Black "Stehning, Toni"]
[Result "1/2-1/2"]
[Termination "normal"]
[Board "12"]
[WhiteElo "1468"]
[BlackElo "1097"]
[WhiteClock "00:26:19"]
[BlackClock "01:07:36"]
[PlyCount "111"]
[WhiteFideId "34608567"]
[BlackFideId "34623477"]
[EventCountry "GER"]
[EventRounds "11"]
[EventType "swiss"]
[EventDate "2022.06.04"]

1. d4 {[%clk 01:15:56]} {[%emt 00:00:04]} d5 {[%clk 01:15:50]} {[%emt
00:00:10]} 2. c4 {[%clk 01:15:58]} {[%emt 00:00:28]} e6 {[%clk 01:16:09]}
{[%emt 00:00:10]} 3. Nc3 {[%clk 01:15:41]} {[%emt 00:00:47]} c5 {[%clk
01:16:20]} {[%emt 00:00:18]} 4. Nf3 {[%clk 01:14:09]} {[%emt 00:02:04]} Nc6
{[%clk 01:16:15]} {[%emt 00:00:35]} 5. e3 {[%clk 01:13:22]} {[%emt 00:01:17]}
Nf6 {[%clk 01:16:19]} {[%emt 00:00:25]} 6. Be2 {[%clk 01:12:33]} {[%emt
00:01:20]} Be7 {[%clk 01:16:32]} {[%emt 00:00:16]} 7. O-O {[%clk 01:10:05]}
{[%emt 00:02:58]} O-O {[%clk 01:16:41]} {[%emt 00:00:20]} 8. cxd5 {[%clk
01:05:59]} {[%emt 00:04:37]} exd5 {[%clk 01:16:48]} {[%emt 00:00:22]} 9. Bb5
{[%clk 01:04:24]} {[%emt 00:02:06]} a6 {[%clk 01:16:12]} {[%emt 00:01:07]} 10.
Bd3 {[%clk 01:01:36]} {[%emt 00:03:18]} Bg4 {[%clk 01:15:00]} {[%emt 00:01:41]}
11. dxc5 {[%clk 00:56:34]} {[%emt 00:05:33]} Bxc5 {[%clk 01:14:58]} {[%emt
00:00:31]} 12. h3 {[%clk 00:56:21]} {[%emt 00:00:43]} Bh5 {[%clk 01:15:13]}
{[%emt 00:00:15]} 13. Bd2 {[%clk 00:55:59]} {[%emt 00:00:53]} Ne5 {[%clk
01:15:09]} {[%emt 00:00:33]} 14. Be2 {[%clk 00:55:56]} {[%emt 00:00:33]} Nc4
{[%clk 01:14:37]} {[%emt 00:01:03]} 15. b3 {[%clk 00:53:40]} {[%emt 00:02:46]}
Nxd2 {[%clk 01:14:34]} {[%emt 00:00:32]} 16. Qxd2 {[%clk 00:52:51]} {[%emt
00:01:20]} Bb4 {[%clk 01:14:35]} {[%emt 00:00:28]} 17. Qd4 {[%clk 00:50:28]}
{[%emt 00:02:52]} Bxc3 {[%clk 01:14:29]} {[%emt 00:00:38]} 18. Qxc3 {[%clk
00:50:21]} {[%emt 00:00:37]} Ne4 {[%clk 01:14:43]} {[%emt 00:00:15]} 19. Qd4
{[%clk 00:50:12]} {[%emt 00:00:39]} Ng5 {[%clk 01:11:15]} {[%emt 00:03:54]} 20.
Qf4 {[%clk 00:41:58]} {[%emt 00:08:48]} Bxf3 {[%clk 01:10:57]} {[%emt
00:00:47]} 21. Bxf3 {[%emt 00:00:24]} Nxf3+ {[%clk 01:11:20]} {[%emt 00:00:06]}
22. Qxf3 {[%clk 00:42:28]} {[%emt 00:00:09]} Rc8 {[%clk 01:11:11]} {[%emt
00:00:38]} 23. Rfd1 {[%clk 00:42:03]} {[%emt 00:00:55]} Rc5 {[%clk 01:10:30]}
{[%emt 00:01:11]} 24. e4 {[%clk 00:40:10]} {[%emt 00:02:24]} dxe4 {[%clk
01:10:19]} {[%emt 00:00:41]} 25. Qxe4 {[%clk 00:40:31]} {[%emt 00:00:08]} Qc7
{[%clk 01:10:06]} {[%emt 00:00:44]} 26. Re1 {[%clk 00:36:33]} {[%emt 00:04:28]}
Qc6 {[%clk 01:09:09]} {[%emt 00:01:26]} 27. b4 {[%clk 00:34:17]} {[%emt
00:02:47]} Rc4 {[%clk 01:08:28]} {[%emt 00:01:11]} 28. Qxc6 {[%clk 00:34:37]}
{[%emt 00:00:09]} Rxc6 {[%clk 01:07:39]} {[%emt 00:01:19]} 29. Re7 {[%clk
00:33:21]} {[%emt 00:01:47]} b5 {[%clk 01:08:03]} {[%emt 00:00:06]} 30. a4
{[%clk 00:31:56]} {[%emt 00:01:55]} Rc4 {[%clk 01:08:11]} {[%emt 00:00:21]} 31.
axb5 {[%clk 00:31:44]} {[%emt 00:00:42]} axb5 {[%clk 01:08:36]} {[%emt
00:00:06]} 32. Rb1 {[%clk 00:31:23]} {[%emt 00:00:51]} Rd4 {[%clk 01:08:12]}
{[%emt 00:00:53]} 33. Rb7 {[%clk 00:31:06]} {[%emt 00:00:47]} Rd5 {[%clk
01:07:54]} {[%emt 00:00:49]} 34. Rc1 {[%clk 00:31:11]} {[%emt 00:00:25]} Rfd8
{[%clk 01:07:49]} {[%emt 00:00:35]} 35. Rc5 {[%clk 00:30:33]} {[%emt 00:01:08]}
Rxc5 {[%clk 01:08:09]} {[%emt 00:00:09]} 36. bxc5 {[%clk 00:30:59]} {[%emt
00:00:05]} Kf8 {[%clk 01:08:34]} {[%emt 00:00:05]} 37. Rxb5 {[%clk 00:30:38]}
{[%emt 00:00:52]} Rc8 {[%clk 01:08:33]} {[%emt 00:00:30]} 38. f4 {[%clk
00:30:45]} {[%emt 00:00:23]} Ke7 {[%clk 01:08:37]} {[%emt 00:00:26]} 39. Rb7+
{[%clk 00:30:58]} {[%emt 00:00:17]} Ke6 {[%clk 01:08:49]} {[%emt 00:00:17]} 40.
Rb5 {[%clk 00:29:51]} {[%emt 00:01:37]} Kd7 {[%clk 01:08:52]} {[%emt 00:00:28]}
41. g4 {[%clk 00:29:33]} {[%emt 00:00:48]} Kc6 {[%clk 01:08:58]} {[%emt
00:00:23]} 42. Rb3 {[%clk 00:29:54]} {[%emt 00:00:09]} Rc7 {[%clk 01:08:44]}
{[%emt 00:00:45]} 43. Kf2 {[%clk 00:28:36]} {[%emt 00:01:48]} Kxc5 {[%clk
01:08:41]} {[%emt 00:00:33]} 44. Rc3+ {[%clk 00:28:57]} {[%emt 00:00:08]} Kd6
{[%clk 01:09:03]} {[%emt 00:00:08]} 45. Rxc7 {[%clk 00:29:22]} {[%emt
00:00:06]} Kxc7 {[%clk 01:09:28]} {[%emt 00:00:05]} 46. Ke3 {[%clk 00:29:42]}
{[%emt 00:00:09]} Kd6 {[%clk 01:09:46]} {[%emt 00:00:11]} 47. Ke4 {[%clk
00:29:45]} {[%emt 00:00:28]} g6 {[%clk 01:08:15]} {[%emt 00:02:01]} 48. h4
{[%clk 00:25:57]} {[%emt 00:04:18]} Ke6 {[%clk 01:07:08]} {[%emt 00:01:37]} 49.
f5+ {[%clk 00:26:12]} {[%emt 00:00:15]} gxf5+ {[%clk 01:06:23]} {[%emt
00:01:15]} 50. gxf5+ {[%clk 00:26:29]} {[%emt 00:00:14]} Kf6 {[%clk 01:06:35]}
{[%emt 00:00:17]} 51. Kf4 {[%clk 00:26:52]} {[%emt 00:00:07]} h5 {[%clk
01:06:59]} {[%emt 00:00:06]} 52. Ke4 {[%clk 00:27:18]} {[%emt 00:00:04]} Ke7
{[%clk 01:06:35]} {[%emt 00:00:53]} 53. Ke5 {[%clk 00:27:09]} {[%emt 00:00:39]}
f6+ {[%clk 01:06:57]} {[%emt 00:00:08]} 54. Kd5 {[%clk 00:26:38]} {[%emt
00:01:01]} Kd7 {[%clk 01:07:20]} {[%emt 00:00:07]} 55. Kc5 {[%clk 00:25:55]}
{[%emt 00:01:13]} Kc7 {[%clk 01:07:36]} {[%emt 00:00:15]} 56. Kd5 {[%clk
00:26:19]} {[%emt 00:00:05]} 1/2-1/2

[Event "DEM U10 2022"]
[Site "Willingen GER"]
[Date "2022.06.05"]
[Round "2"]
[White "Thoms, Eric"]
[Black "Andersen, Jonathan"]
[Result "1-0"]
[Termination "normal"]
[Board "28"]
[WhiteElo "1219"]
[BlackElo "986"]
[PlyCount "120"]
[WhiteFideId "34623450"]
[BlackFideId "34623884"]
[EventCountry "GER"]
[EventRounds "11"]
[EventType "swiss"]
[EventDate "2022.06.04"]

{normal} 1. e4 e5 2. Nf3 Nc6 3. Bc4 Be7 4. d3 d6 5. Nc3 Bg4 6. Be3 Nf6 7. h3
Bh5 8. g4 Bg6 9. Qd2 h6 10. O-O-O Qd7 11. Nd5 Nxd5 12. exd5 Nd8 13. Qb4 e4 14.
Nd4 O-O 15. dxe4 Bxe4 16. f3 c5 17. dxc6 Nxc6 18. Nxc6 Bxc6 19. Rhf1 d5 20. Qe1
Qe6 21. Bb3 Bh4 22. Qd2 Rfe8 23. Bf4 Rad8 24. Kb1 Bb5 25. Rg1 Qe2 26. Qxe2 Bxe2
27. Rxd5 Bxf3 28. Rf5 Bf6 29. Bxh6 Be4 30. Rff1 gxh6 31. Rxf6 Bg6 32. Rgf1 Kg7
33. Bxf7 Re1+ 34. Rxe1 Kxf6 35. Bxg6 Kxg6 36. b3 Kg5 37. Re7 Rb8 38. Kb2 Kh4
39. Re3 b6 40. a4 Rd8 41. b4 Rd2 42. b5 Rh2 43. Re6 Kg5 44. Re3 Kh4 45. Re6 Kg5
46. Re5+ Kh4 47. Rh5+ Kg3 48. Rxh6 Re2 49. g5 Re7 50. h4 Kg4 51. g6 Rg7 52. h5
Rg8 53. Rh7 Kg5 54. g7 Kf6 55. h6 Kg6 56. Rh8 Rxg7 57. hxg7 Kxg7 58. Ra8 Kf6
59. Rxa7 Ke5 60. Ra6 Kd5 1-0

[Event "DEM U10 2022"]
[Site "Willingen GER"]
[Date "2022.06.06"]
[Round "3"]
[White "Rau, Eduard"]
[Black "Kateryniuk, Ivan"]
[Result "0-1"]
[Termination "normal"]
[Board "2"]
[WhiteElo "1406"]
[BlackElo "1187"]
[WhiteClock "00:48:45"]
[BlackClock "00:20:09"]
[PlyCount "135"]
[WhiteFideId "16287231"]
[BlackFideId "34138943"]
[EventCountry "GER"]
[EventRounds "11"]
[EventType "swiss"]
[EventDate "2022.06.04"]

1. e4 {[%clk 01:15:58]} {[%emt 00:00:02]} e5 {[%clk 01:15:59]} {[%emt
00:00:01]} 2. Nf3 {[%clk 01:16:22]} {[%emt 00:00:06]} Nf6 {[%clk 01:16:17]}
{[%emt 00:00:11]} 3. Nc3 {[%clk 01:16:49]} {[%emt 00:00:04]} Bb4 {[%clk
01:16:41]} {[%emt 00:00:06]} 4. Nxe5 {[%clk 01:17:13]} {[%emt 00:00:05]} O-O
{[%clk 01:17:01]} {[%emt 00:00:10]} 5. Nd3 {[%clk 01:17:39]} {[%emt 00:00:04]}
Bxc3 {[%clk 01:17:21]} {[%emt 00:00:11]} 6. dxc3 {[%clk 01:18:05]} {[%emt
00:00:04]} Nxe4 {[%clk 01:13:11]} {[%emt 00:04:39]} 7. Be2 {[%clk 01:17:43]}
{[%emt 00:00:52]} d5 {[%clk 01:11:42]} {[%emt 00:02:00]} 8. O-O {[%clk
01:17:56]} {[%emt 00:00:17]} Bf5 {[%clk 01:07:10]} {[%emt 00:05:01]} 9. Bf4
{[%clk 01:17:15]} {[%emt 00:01:12]} c6 {[%clk 00:59:19]} {[%emt 00:08:20]} 10.
f3 {[%clk 01:16:34]} {[%emt 00:01:11]} Nf6 {[%clk 00:59:26]} {[%emt 00:00:23]}
11. Nc5 {[%clk 01:16:44]} {[%emt 00:00:21]} Re8 {[%clk 00:58:43]} {[%emt
00:01:12]} 12. Re1 {[%clk 01:14:59]} {[%emt 00:02:16]} Nbd7 {[%clk 00:58:08]}
{[%emt 00:01:06]} 13. Nxb7 {[%clk 01:14:43]} {[%emt 00:00:46]} Qb6+ {[%clk
00:58:29]} {[%emt 00:00:08]} 14. Kh1 {[%clk 01:14:12]} {[%emt 00:01:01]} Qxb7
{[%clk 00:58:47]} {[%emt 00:00:12]} 15. g4 {[%clk 01:14:17]} {[%emt 00:00:26]}
Bg6 {[%clk 00:57:13]} {[%emt 00:02:03]} 16. b3 {[%clk 01:13:30]} {[%emt
00:01:18]} Qb6 {[%clk 00:49:55]} {[%emt 00:07:46]} 17. c4 {[%clk 01:12:33]}
{[%emt 00:01:28]} Rad8 {[%clk 00:47:46]} {[%emt 00:02:37]} 18. Qd2 {[%clk
01:05:41]} {[%emt 00:07:24]} Nxg4 {[%clk 00:46:34]} {[%emt 00:01:42]} 19. cxd5
{[%emt 00:04:15]} Bf5 {[%clk 00:38:06]} {[%emt 00:08:55]} 20. Bc4 {[%clk
01:01:17]} {[%emt 00:01:12]} Nf2+ {[%clk 00:37:47]} {[%emt 00:00:49]} 21. Kg2
{[%clk 01:01:41]} {[%emt 00:00:07]} Bh3+ {[%clk 00:36:09]} {[%emt 00:02:08]}
22. Kg3 {[%clk 01:01:56]} {[%emt 00:00:15]} cxd5 {[%clk 00:33:29]} {[%emt
00:03:10]} 23. Be3 {[%clk 01:00:14]} {[%emt 00:02:12]} Qg6+ {[%clk 00:32:55]}
{[%emt 00:01:03]} 24. Bg5 {[%clk 00:58:08]} {[%emt 00:02:36]} dxc4 {[%clk
00:27:04]} {[%emt 00:06:21]} 25. Kxf2 {[%clk 00:57:43]} {[%emt 00:00:55]} Ne5
{[%clk 00:25:53]} {[%emt 00:01:42]} 26. Qxd8 {[%clk 00:51:27]} {[%emt
00:06:45]} Rxd8 {[%clk 00:24:01]} {[%emt 00:02:22]} 27. Bxd8 {[%clk 00:51:10]}
{[%emt 00:00:47]} Qg2+ {[%clk 00:20:02]} {[%emt 00:04:29]} 28. Ke3 {[%clk
00:51:28]} {[%emt 00:00:12]} Qxf3+ {[%clk 00:19:52]} {[%emt 00:00:39]} 29. Kd4
{[%clk 00:51:42]} {[%emt 00:00:17]} Nc6+ {[%clk 00:20:12]} {[%emt 00:00:10]}
30. Kc5 {[%clk 00:51:52]} {[%emt 00:00:21]} h6 {[%clk 00:18:53]} {[%emt
00:01:49]} 31. Bc7 {[%clk 00:51:14]} {[%emt 00:01:09]} cxb3 {[%clk 00:17:27]}
{[%emt 00:01:56]} 32. cxb3 {[%clk 00:48:50]} {[%emt 00:02:54]} Bg2 {[%clk
00:17:40]} {[%emt 00:00:16]} 33. Rad1 {[%clk 00:48:51]} {[%emt 00:00:29]} Qc3+
{[%clk 00:15:42]} {[%emt 00:02:26]} 34. Kd6 {[%clk 00:48:14]} {[%emt 00:01:08]}
Nd4 {[%clk 00:14:20]} {[%emt 00:01:52]} 35. Bb8 {[%clk 00:45:08]} {[%emt
00:03:36]} Qc6+ {[%clk 00:14:36]} {[%emt 00:00:14]} 36. Ke7 {[%clk 00:45:15]}
{[%emt 00:00:23]} Qb7+ {[%clk 00:14:15]} {[%emt 00:00:49]} 37. Kd6 {[%clk
00:45:23]} {[%emt 00:00:25]} Nb5+ {[%clk 00:14:28]} {[%emt 00:00:16]} 38. Kc5
{[%clk 00:45:15]} {[%emt 00:00:38]} Qxb8 {[%clk 00:14:48]} {[%emt 00:00:10]}
39. Rd2 {[%clk 00:45:02]} {[%emt 00:00:43]} Qb6+ {[%clk 00:13:52]} {[%emt
00:01:26]} 40. Kc4 {[%clk 00:44:29]} {[%emt 00:01:02]} Na3+ {[%clk 00:13:41]}
{[%emt 00:00:41]} 41. Kc3 {[%clk 00:44:04]} {[%emt 00:00:55]} Qc5+ {[%clk
00:13:36]} {[%emt 00:00:35]} 42. Kb2 {[%clk 00:44:07]} {[%emt 00:00:27]} Nb5
{[%clk 00:13:44]} {[%emt 00:00:22]} 43. Rc2 {[%clk 00:42:48]} {[%emt 00:01:50]}
Qd4+ {[%clk 00:13:25]} {[%emt 00:00:47]} 44. Kc1 {[%clk 00:42:57]} {[%emt
00:00:22]} Be4 {[%clk 00:13:41]} {[%emt 00:00:14]} 45. Rc4 {[%clk 00:42:24]}
{[%emt 00:01:02]} Qa1+ {[%clk 00:13:27]} {[%emt 00:00:45]} 46. Kd2 {[%clk
00:42:49]} {[%emt 00:00:05]} Qxa2+ {[%clk 00:13:44]} {[%emt 00:00:13]} 47. Kc1
{[%clk 00:41:53]} {[%emt 00:01:24]} Qb1+ {[%clk 00:14:01]} {[%emt 00:00:16]}
48. Kd2 {[%clk 00:42:17]} {[%emt 00:00:05]} Qd3+ {[%clk 00:14:26]} {[%emt
00:00:06]} 49. Kc1 {[%clk 00:42:41]} {[%emt 00:00:06]} Nc3 {[%clk 00:14:15]}
{[%emt 00:00:40]} 50. Rexe4 {[%clk 00:41:03]} {[%emt 00:02:08]} Qb1+ {[%clk
00:14:25]} {[%emt 00:00:20]} 51. Kd2 {[%clk 00:41:27]} {[%emt 00:00:07]} Nxe4+
{[%clk 00:14:50]} {[%emt 00:00:04]} 52. Ke3 {[%clk 00:41:52]} {[%emt 00:00:05]}
Qxb3+ {[%clk 00:15:07]} {[%emt 00:00:14]} 53. Kd4 {[%clk 00:42:17]} {[%emt
00:00:05]} Qxc4+ {[%clk 00:15:28]} {[%emt 00:00:09]} 54. Kxc4 {[%clk 00:42:32]}
{[%emt 00:00:15]} f5 {[%clk 00:15:54]} {[%emt 00:00:04]} 55. h4 {[%clk
00:42:58]} {[%emt 00:00:04]} f4 {[%clk 00:16:20]} {[%emt 00:00:04]} 56. Kd4
{[%clk 00:43:25]} {[%emt 00:00:03]} a5 {[%clk 00:16:37]} {[%emt 00:00:13]} 57.
Kxe4 {[%clk 00:43:51]} {[%emt 00:00:04]} a4 {[%clk 00:17:01]} {[%emt 00:00:05]}
58. h5 {[%clk 00:44:20]} {[%emt 00:00:01]} a3 {[%clk 00:17:25]} {[%emt
00:00:06]} 59. Kxf4 {[%clk 00:44:47]} {[%emt 00:00:02]} a2 {[%clk 00:17:49]}
{[%emt 00:00:07]} 60. Kf5 {[%clk 00:45:15]} {[%emt 00:00:03]} a1=Q {[%clk
00:18:06]} {[%emt 00:00:12]} 61. Ke4 {[%clk 00:45:37]} {[%emt 00:00:08]} Qc3
{[%clk 00:18:26]} {[%emt 00:00:11]} 62. Kf5 {[%clk 00:46:03]} {[%emt 00:00:04]}
Qe3 {[%clk 00:18:37]} {[%emt 00:00:14]} 63. Kg4 {[%clk 00:46:29]} {[%emt
00:00:08]} Qf2 {[%clk 00:18:57]} {[%emt 00:00:09]} 64. Kh3 {[%clk 00:46:56]}
{[%emt 00:00:04]} Qg1 {[%clk 00:19:06]} {[%emt 00:00:20]} 65. Kh4 {[%clk
00:47:23]} {[%emt 00:00:04]} Kf7 {[%clk 00:19:28]} {[%emt 00:00:08]} 66. Kh3
{[%clk 00:47:50]} {[%emt 00:00:03]} Kf6 {[%clk 00:19:50]} {[%emt 00:00:08]} 67.
Kh4 {[%clk 00:48:19]} {[%emt 00:00:02]} Kf5 {[%clk 00:20:09]} {[%emt 00:00:10]}
68. Kh3 {[%clk 00:48:45]} {[%emt 00:00:04]} 0-1

[Event "DEM U10 2022"]
[Site "Willingen GER"]
[Date "2022.06.06"]
[Round "3"]
[White "Allen, Phillipp"]
[Black "Zhang, Yibo"]
[Result "0-1"]
[Termination "normal"]
[Board "4"]
[WhiteElo "1467"]
[BlackElo "1436"]
[WhiteClock "00:30:47"]
[BlackClock "00:25:25"]
[PlyCount "90"]
[WhiteFideId "16272846"]
[BlackFideId "16287657"]
[EventCountry "GER"]
[EventRounds "11"]
[EventType "swiss"]
[EventDate "2022.06.04"]

1. e4 {[%clk 01:15:59]} {[%emt 00:00:01]} e5 {[%clk 01:15:54]} {[%emt
00:00:06]} 2. Nf3 {[%clk 01:16:24]} {[%emt 00:00:05]} Nc6 {[%clk 01:16:17]}
{[%emt 00:00:07]} 3. Bb5 {[%clk 01:16:49]} {[%emt 00:00:04]} a6 {[%clk
01:16:39]} {[%emt 00:00:09]} 4. Ba4 {[%clk 01:17:14]} {[%emt 00:00:06]} Nf6
{[%clk 01:17:01]} {[%emt 00:00:07]} 5. d3 {[%clk 01:17:30]} {[%emt 00:00:13]}
b5 {[%clk 01:15:13]} {[%emt 00:02:19]} 6. Bb3 {[%clk 01:17:51]} {[%emt
00:00:09]} Be7 {[%clk 01:15:37]} {[%emt 00:00:05]} 7. O-O {[%clk 01:17:49]}
{[%emt 00:00:32]} d6 {[%clk 01:15:50]} {[%emt 00:00:18]} 8. c3 {[%clk
01:18:11]} {[%emt 00:00:07]} O-O {[%clk 01:15:59]} {[%emt 00:00:21]} 9. Re1
{[%clk 01:18:34]} {[%emt 00:00:07]} Na5 {[%clk 01:15:49]} {[%emt 00:00:40]} 10.
Bc2 {[%clk 01:18:54]} {[%emt 00:00:10]} c5 {[%clk 01:16:06]} {[%emt 00:00:14]}
11. Nbd2 {[%clk 01:19:01]} {[%emt 00:00:23]} Nc6 {[%clk 01:16:12]} {[%emt
00:00:24]} 12. Nf1 {[%clk 01:19:15]} {[%emt 00:00:16]} Qc7 {[%clk 01:16:19]}
{[%emt 00:00:24]} 13. Ng3 {[%clk 01:16:53]} {[%emt 00:02:52]} Rd8 {[%clk
01:15:42]} {[%emt 00:01:07]} 14. Bb3 {[%clk 01:15:41]} {[%emt 00:01:42]} h6
{[%clk 01:11:58]} {[%emt 00:04:15]} 15. Be3 {[%clk 01:14:08]} {[%emt 00:02:03]}
Be6 {[%clk 01:09:56]} {[%emt 00:02:32]} 16. d4 {[%clk 01:11:35]} {[%emt
00:03:02]} Bxb3 {[%clk 01:09:14]} {[%emt 00:01:12]} 17. Qxb3 {[%clk 01:11:09]}
{[%emt 00:00:56]} Na5 {[%clk 01:07:32]} {[%emt 00:02:12]} 18. Qd1 {[%clk
01:10:22]} {[%emt 00:01:17]} Nc4 {[%clk 01:03:26]} {[%emt 00:04:37]} 19. Qc1
{[%clk 01:02:58]} {[%emt 00:07:54]} Rac8 {[%clk 00:52:00]} {[%emt 00:11:56]}
20. d5 {[%clk 01:01:42]} {[%emt 00:01:46]} b4 {[%clk 00:48:08]} {[%emt
00:04:22]} 21. b3 {[%clk 00:56:57]} {[%emt 00:05:15]} Nxe3 {[%clk 00:47:14]}
{[%emt 00:01:24]} 22. Qxe3 {[%clk 00:57:11]} {[%emt 00:00:16]} bxc3 {[%clk
00:44:47]} {[%emt 00:02:57]} 23. Qxc3 {[%clk 00:56:50]} {[%emt 00:00:51]} g6
{[%clk 00:44:35]} {[%emt 00:00:42]} 24. Nd2 {[%clk 00:55:03]} {[%emt 00:02:14]}
Ra8 {[%clk 00:44:18]} {[%emt 00:00:49]} 25. Nc4 {[%clk 00:52:56]} {[%emt
00:02:38]} a5 {[%clk 00:44:05]} {[%emt 00:00:44]} 26. a4 {[%clk 00:53:11]}
{[%emt 00:00:15]} Rdb8 {[%clk 00:43:58]} {[%emt 00:00:36]} 27. Na3 {[%clk
00:53:07]} {[%emt 00:00:34]} Qd7 {[%clk 00:43:06]} {[%emt 00:01:23]} 28. Nb5
{[%clk 00:51:16]} {[%emt 00:02:21]} h5 {[%clk 00:42:14]} {[%emt 00:01:21]} 29.
f3 {[%clk 00:43:15]} {[%emt 00:08:32]} h4 {[%clk 00:38:32]} {[%emt 00:04:11]}
30. Ne2 {[%clk 00:42:44]} {[%emt 00:01:01]} g5 {[%clk 00:37:10]} {[%emt
00:01:53]} 31. Qd2 {[%clk 00:41:01]} {[%emt 00:02:13]} Nh5 {[%clk 00:36:07]}
{[%emt 00:01:33]} 32. g4 {[%clk 00:40:36]} {[%emt 00:00:54]} hxg3 {[%clk
00:35:40]} {[%emt 00:00:57]} 33. Nxg3 {[%clk 00:40:47]} {[%emt 00:00:19]} Nxg3
{[%clk 00:35:21]} {[%emt 00:00:50]} 34. hxg3 {[%clk 00:41:08]} {[%emt
00:00:09]} Kg7 {[%clk 00:34:04]} {[%emt 00:01:47]} 35. g4 {[%clk 00:40:37]}
{[%emt 00:01:01]} Rh8 {[%clk 00:34:10]} {[%emt 00:00:24]} 36. Kg2 {[%clk
00:40:53]} {[%emt 00:00:13]} Rh4 {[%clk 00:33:06]} {[%emt 00:01:34]} 37. Qe2
{[%clk 00:40:24]} {[%emt 00:01:00]} Rah8 {[%clk 00:32:30]} {[%emt 00:01:07]}
38. Rh1 {[%clk 00:40:46]} {[%emt 00:00:08]} Bd8 {[%clk 00:31:31]} {[%emt
00:01:29]} 39. Raf1 {[%clk 00:38:27]} {[%emt 00:02:48]} Qe7 {[%clk 00:30:51]}
{[%emt 00:01:10]} 40. Qe3 {[%clk 00:36:41]} {[%emt 00:02:16]} Qf6 {[%clk
00:30:36]} {[%emt 00:00:45]} 41. Qc1 {[%clk 00:36:09]} {[%emt 00:01:02]} Be7
{[%clk 00:30:14]} {[%emt 00:00:53]} 42. Na7 {[%clk 00:31:51]} {[%emt 00:04:48]}
Bd8 {[%clk 00:25:55]} {[%emt 00:04:49]} 43. Nc6 {[%clk 00:30:57]} {[%emt
00:01:24]} Bb6 {[%clk 00:25:44]} {[%emt 00:00:42]} 44. Qe3 {[%clk 00:30:46]}
{[%emt 00:00:40]} Qh6 {[%clk 00:25:10]} {[%emt 00:01:04]} 45. Qc1 {[%clk
00:30:47]} {[%emt 00:00:29]} Rh2+ {[%clk 00:25:25]} 0-1

[Event "DEM U10 2022"]
[Site "Willingen GER"]
[Date "2022.06.06"]
[Round "3"]
[White "Peglau, Paul David"]
[Black "Hepp, Daniel"]
[Result "1/2-1/2"]
[Termination "normal"]
[Board "6"]
[WhiteElo "1623"]
[BlackElo "1468"]
[WhiteClock "00:28:01"]
[BlackClock "00:30:32"]
[PlyCount "48"]
[WhiteFideId "16290550"]
[BlackFideId "34608567"]
[EventCountry "GER"]
[EventRounds "11"]
[EventType "swiss"]
[EventDate "2022.06.04"]

1. d4 {[%clk 01:15:49]} {[%emt 00:00:11]} d5 {[%clk 01:15:51]} {[%emt
00:00:09]} 2. Nf3 {[%clk 01:16:07]} {[%emt 00:00:12]} c5 {[%clk 01:15:44]}
{[%emt 00:00:37]} 3. e3 {[%clk 01:16:11]} {[%emt 00:00:26]} a6 {[%clk
01:15:44]} {[%emt 00:00:30]} 4. Be2 {[%clk 01:16:21]} {[%emt 00:00:20]} Nc6
{[%clk 01:15:28]} {[%emt 00:00:46]} 5. O-O {[%clk 01:15:14]} {[%emt 00:01:37]}
Nf6 {[%clk 01:14:14]} {[%emt 00:01:45]} 6. c4 {[%clk 01:07:48]} {[%emt
00:07:56]} cxd4 {[%clk 01:12:51]} {[%emt 00:01:53]} 7. exd4 {[%clk 01:06:58]}
{[%emt 00:01:19]} dxc4 {[%clk 01:13:12]} {[%emt 00:00:09]} 8. Bxc4 {[%clk
01:07:21]} {[%emt 00:00:07]} e6 {[%clk 01:13:09]} {[%emt 00:00:33]} 9. Nc3
{[%clk 01:07:14]} {[%emt 00:00:37]} Nb4 {[%clk 01:09:25]} {[%emt 00:04:14]} 10.
Bg5 {[%clk 01:04:42]} {[%emt 00:03:01]} Be7 {[%clk 01:07:46]} {[%emt 00:02:10]}
11. Qe2 {[%clk 01:01:11]} {[%emt 00:04:01]} O-O {[%clk 01:07:03]} {[%emt
00:01:13]} 12. Rfd1 {[%clk 01:00:08]} {[%emt 00:01:34]} b5 {[%clk 01:02:07]}
{[%emt 00:05:26]} 13. Bb3 {[%clk 00:59:56]} {[%emt 00:00:42]} Bb7 {[%clk
01:01:15]} {[%emt 00:01:22]} 14. Rac1 {[%clk 00:57:55]} {[%emt 00:02:30]} Nbd5
{[%clk 00:58:53]} {[%emt 00:02:52]} 15. Nxd5 {[%clk 00:49:13]} {[%emt
00:09:13]} Bxd5 {[%clk 00:55:54]} {[%emt 00:03:29]} 16. Ne5 {[%clk 00:46:40]}
{[%emt 00:03:02]} Re8 {[%clk 00:50:53]} {[%emt 00:05:31]} 17. Bxd5 {[%clk
00:44:01]} {[%emt 00:03:10]} Nxd5 {[%clk 00:51:11]} {[%emt 00:00:12]} 18. Bxe7
{[%clk 00:44:08]} {[%emt 00:00:23]} Qxe7 {[%clk 00:46:15]} {[%emt 00:05:26]}
19. a3 {[%clk 00:37:51]} {[%emt 00:06:48]} Rac8 {[%clk 00:44:42]} {[%emt
00:02:01]} 20. Qf3 {[%clk 00:35:35]} {[%emt 00:02:46]} Nf6 {[%clk 00:38:12]}
{[%emt 00:07:00]} 21. Rc6 {[%clk 00:33:27]} {[%emt 00:02:39]} Qa7 {[%clk
00:34:11]} {[%emt 00:04:31]} 22. Rdc1 {[%clk 00:32:28]} {[%emt 00:01:28]} Rxc6
{[%clk 00:33:18]} {[%emt 00:01:23]} 23. Nxc6 {[%clk 00:31:11]} {[%emt
00:01:48]} Qd7 {[%clk 00:32:08]} {[%emt 00:01:40]} 24. Qf4 {[%clk 00:28:01]}
{[%emt 00:03:39]} Nd5 {[%clk 00:30:32]} {[%emt 00:02:06]} 1/2-1/2